[Event "34. Copenhagen Open (Politiken Cup)"]
[Site "Elsinore"]
[Date "2012.08.02"]
[Round "7"]
[White "Rasmussen, Morten(1956)"]
[Black "Kristensen, Lars Ostergaard"]
[Result "1/2-1/2"]
[WhiteElo "1893"]
[BlackElo "1695"]
[PlyCount "78"]
[EventDate "2012.07.28"]
[EventType "swiss"]
[EventRounds "10"]
[EventCountry "DEN"]
[Source "ChessBase"]
[SourceDate "2012.08.24"]

1. d4 d5 2. Nf3 e6 3. e3 Nf6 4. Bd3 c5 5. c3 Nc6 6. O-O Bd6 7. Nbd2 O-O 8. Qe2
e5 9. dxe5 Nxe5 10. Nxe5 Bxe5 11. f4 Bc7 12. e4 Bg4 13. Qe3 c4 14. Qg3 cxd3 15.
e5 Bb6+ 16. Kh1 Ne4 17. Qxg4 Nf2+ 18. Rxf2 Bxf2 19. Qf3 Qb6 20. Qxd3 Qe3 21.
Qxe3 Bxe3 22. Nb3 Bxc1 23. Rxc1 Rac8 24. Kg1 Rc4 25. g3 Rfc8 26. Rd1 Rd8 27.
Kf2 b6 28. Kf3 Kf8 29. Nd4 a6 30. Ke3 b5 31. a3 g6 32. Kf3 Re8 33. Ke3 Ke7 34.
Kf3 Rb8 35. Ke3 a5 36. Nc2 Ke6 37. Nd4+ Ke7 38. Nc2 Rd8 39. Nd4 Rb8 1/2-1/2

[Event "34. Copenhagen Open (Politiken Cup)"]
[Site "Elsinore"]
[Date "2012.08.02"]
[Round "7"]
[White "Rendlev, Niels Moller"]
[Black "Johansen, Kai Roger"]
[Result "0-1"]
[WhiteElo "1844"]
[BlackElo "2016"]
[PlyCount "29"]
[EventDate "2012.07.28"]
[EventType "swiss"]
[EventRounds "10"]
[EventCountry "DEN"]
[Source "ChessBase"]
[SourceDate "2012.08.24"]

1. g3 d5 2. f4 c5 3. Nf3 Nc6 4. d3 Nf6 5. Bg2 e6 6. O-O Be7 7. Nc3 O-O 8. h3 b6
9. g4 Bb7 10. e3 Rc8 11. Ne2 b5 12. Ng3 Nd7 13. e4 Nb6 14. Be3 Nd4 15. Nd2 0-1

[Event "34. Copenhagen Open (Politiken Cup)"]
[Site "Elsinore"]
[Date "2012.08.02"]
[Round "7"]
[White "Rorvik, Jon Fredrik"]
[Black "Karlsson, Ulf"]
[Result "1/2-1/2"]
[WhiteElo "2149"]
[BlackElo "2012"]
[PlyCount "38"]
[EventDate "2012.07.28"]
[EventType "swiss"]
[EventRounds "10"]
[EventCountry "DEN"]
[Source "ChessBase"]
[SourceDate "2012.08.24"]

1. c4 e5 2. Nc3 Nc6 3. g3 f5 4. Bg2 Nf6 5. e3 d5 6. cxd5 Nb4 7. d3 Nfxd5 8.
Nxd5 Nxd5 9. Ne2 Bb4+ 10. Bd2 Bxd2+ 11. Qxd2 c6 12. O-O O-O 13. Rfd1 Be6 14. b4
Qe7 15. Qb2 Bf7 16. a3 Rad8 17. Nc3 Nxc3 18. Qxc3 Bd5 19. Bxd5+ Rxd5 1/2-1/2

[Event "34. Copenhagen Open (Politiken Cup)"]
[Site "Elsinore"]
[Date "2012.08.02"]
[Round "7"]
[White "Rosell, Sven"]
[Black "Rasmussen, Henning Lau"]
[Result "1-0"]
[WhiteElo "1937"]
[BlackElo "1789"]
[PlyCount "75"]
[EventDate "2012.07.28"]
[EventType "swiss"]
[EventRounds "10"]
[EventCountry "DEN"]
[Source "ChessBase"]
[SourceDate "2012.08.24"]

1. c4 c5 2. Nf3 Nc6 3. g3 Nf6 4. Nc3 g6 5. Bg2 Bg7 6. O-O O-O 7. d4 cxd4 8.
Nxd4 Nxd4 9. Qxd4 d6 10. Qd3 Rb8 11. Rd1 b6 12. Bg5 Bb7 13. e4 h6 14. Bf4 Nd7
15. Rac1 Ne5 16. Qe2 Rc8 17. b3 a6 18. Be3 Nd7 19. Bh3 Rc6 20. Nd5 Nc5 21. Bg2
a5 22. Qd2 Kh7 23. Nf4 Rc7 24. Nd5 Rd7 25. Qc2 Bxd5 26. cxd5 Rc7 27. Qe2 Qc8
28. h4 Qd7 29. Kh2 f5 30. exf5 gxf5 31. Bf4 Rf7 32. Qh5 Rf6 33. Bh3 Qc8 34. Be3
Qf8 35. Rc4 e5 36. dxe6 Nxe6 37. Rxc7 Nxc7 38. Bxb6 1-0

[Event "34. Copenhagen Open (Politiken Cup)"]
[Site "Elsinore"]
[Date "2012.08.02"]
[Round "7"]
[White "Rossen, Claus"]
[Black "Percivaldi, Martin"]
[Result "1-0"]
[WhiteElo "2223"]
[BlackElo "2015"]
[PlyCount "79"]
[EventDate "2012.07.28"]
[EventType "swiss"]
[EventRounds "10"]
[EventCountry "DEN"]
[Source "ChessBase"]
[SourceDate "2012.08.24"]

1. e4 e6 2. d4 d5 3. Nc3 Bb4 4. exd5 exd5 5. Qf3 c6 6. a3 Bd6 7. Bd3 h6 8. Nge2
Qf6 9. Bf4 Bxf4 10. Nxf4 Ne7 11. O-O-O O-O 12. h4 Ng6 13. Nxg6 fxg6 14. Qxf6
Rxf6 15. Rde1 Kf7 16. Re3 Be6 17. f3 h5 18. Ne2 Nd7 19. g3 Nf8 20. Nf4 Re8 21.
Rhe1 Bd7 22. Rxe8 Bxe8 23. c4 Rxf4 24. gxf4 Bd7 25. cxd5 cxd5 26. Re5 Ne6 27.
f5 Nxd4 28. fxg6+ Kf6 29. Rxd5 Nb3+ 30. Kc2 Be6 31. Rd6 Nc5 32. b4 Nxd3 33.
Kxd3 Ke7 34. Rd4 Bf5+ 35. Ke3 Bxg6 36. Kf4 Bf7 37. Kg5 a6 38. a4 b6 39. b5 axb5
40. axb5 1-0

[Event "34. Copenhagen Open (Politiken Cup)"]
[Site "Elsinore"]
[Date "2012.08.02"]
[Round "7"]
[White "Rostgaard, Tobias Valentin"]
[Black "Sorensen, Dick"]
[Result "1-0"]
[WhiteElo "2246"]
[BlackElo "2023"]
[PlyCount "81"]
[EventDate "2012.07.28"]
[EventType "swiss"]
[EventRounds "10"]
[EventCountry "DEN"]
[Source "ChessBase"]
[SourceDate "2012.08.24"]

1. Nf3 f5 2. d3 d5 3. g3 Nf6 4. Bg2 e6 5. O-O Be7 6. Nbd2 O-O 7. c3 c6 8. Qc2
a5 9. e4 Na6 10. e5 Nd7 11. Re1 Qe8 12. Nf1 h6 13. h4 Qh5 14. Qe2 Nc7 15. N3h2
Qxe2 16. Rxe2 b5 17. h5 Ba6 18. f4 c5 19. Rc2 b4 20. c4 Nb6 21. b3 Bb7 22. g4
fxg4 23. Nxg4 a4 24. Rb1 axb3 25. axb3 Ra7 26. Ng3 dxc4 27. dxc4 Bxg2 28. Rxg2
Kh7 29. Ne4 Rfa8 30. Bb2 Ra2 31. Kh2 Rf8 32. Rf1 Ne8 33. Ne3 Nd7 34. Kh3 Rf7
35. f5 Nf8 36. f6 gxf6 37. exf6 Bd6 38. Nxd6 Nxd6 39. Rg7+ Kh8 40. Be5 Re2 41.
Rf3 1-0

[Event "34. Copenhagen Open (Politiken Cup)"]
[Site "Elsinore"]
[Date "2012.08.02"]
[Round "7"]
[White "Rydell, Marten"]
[Black "Jorgensen, Dennis"]
[Result "1/2-1/2"]
[WhiteElo "1973"]
[BlackElo "2231"]
[PlyCount "29"]
[EventDate "2012.07.28"]
[EventType "swiss"]
[EventRounds "10"]
[EventCountry "DEN"]
[Source "ChessBase"]
[SourceDate "2012.08.24"]

1. e4 c6 2. d4 d5 3. e5 Bf5 4. Nf3 e6 5. Be2 c5 6. Be3 Qb6 7. Nc3 Nc6 8. O-O
Qxb2 9. Nb5 c4 10. Rb1 Qxc2 11. Qxc2 Bxc2 12. Rb2 Ba4 13. Nc7+ Kd7 14. Nxa8 b5
15. Bd1 1/2-1/2

[Event "34. Copenhagen Open (Politiken Cup)"]
[Site "Elsinore"]
[Date "2012.08.02"]
[Round "7"]
[White "Salgado Lopez, Ivan"]
[Black "Hector, Jonny"]
[Result "1/2-1/2"]
[WhiteElo "2635"]
[BlackElo "2530"]
[PlyCount "71"]
[EventDate "2012.07.28"]
[EventType "swiss"]
[EventRounds "10"]
[EventCountry "DEN"]
[Source "ChessBase"]
[SourceDate "2012.08.24"]

1. c4 e5 2. Nc3 Bb4 3. Nd5 a5 4. Nf3 e4 5. Nd4 Nf6 6. g3 Nxd5 7. cxd5 Qg5 8.
Nb5 Na6 9. Nc3 c6 10. dxc6 bxc6 11. Nxe4 Qg6 12. Nc3 d5 13. d4 h5 14. Bg2 h4
15. Bf4 Bd6 16. Bxd6 Qxd6 17. Qd2 Rb8 18. a3 Bf5 19. O-O Qh6 20. Qxh6 Rxh6 21.
Ra2 Nc7 22. f3 hxg3 23. hxg3 Nb5 24. Nxb5 Rxb5 25. Rc1 a4 26. Bf1 Rb6 27. g4
Bg6 28. Rc5 Bb1 29. Ra1 Rxb2 30. Ra5 Bc2 31. Rc1 Ra2 32. Ra8+ Ke7 33. Ra7+ Kf8
34. Ra8+ Ke7 35. Ra7+ Kf8 36. Ra8+ 1/2-1/2

[Event "34. Copenhagen Open (Politiken Cup)"]
[Site "Elsinore"]
[Date "2012.08.02"]
[Round "7"]
[White "Schmidt, Horst Hubert"]
[Black "Hansen, Herluf"]
[Result "0-1"]
[WhiteElo "1854"]
[BlackElo "2079"]
[PlyCount "102"]
[EventDate "2012.07.28"]
[EventType "swiss"]
[EventRounds "10"]
[EventCountry "DEN"]
[Source "ChessBase"]
[SourceDate "2012.08.24"]

1. d4 Nf6 2. Nf3 d6 3. e3 g6 4. Be2 Bg7 5. O-O O-O 6. c4 Nbd7 7. Nc3 c6 8. Qc2
e5 9. dxe5 dxe5 10. Rd1 Qe7 11. a4 Nc5 12. e4 Bg4 13. b4 Bxf3 14. Bxf3 Ne6 15.
Ne2 Rfd8 16. Be3 Rxd1+ 17. Rxd1 Qxb4 18. g4 Qe7 19. h3 Nd7 20. Qb2 Ndc5 21. a5
Ng5 22. Bxg5 Qxg5 23. Bg2 Rd8 24. Qc2 Qe7 25. Ng3 Qc7 26. Rxd8+ Qxd8 27. Qa2
Qc7 28. Qa3 Bf8 29. Qc3 Ne6 30. Kh2 Bc5 31. f3 Qd6 32. Qc1 Nf4 33. h4 Qd4 34.
Qf1 Qd2 35. h5 a6 36. Kh1 Qxg2+ 37. Qxg2 Nxg2 38. Kxg2 Bb4 39. hxg6 hxg6 40.
Kf2 Bxa5 41. Ke2 Kg7 42. Nf1 Kf6 43. Ne3 b5 44. Kd3 Bb6 45. Nc2 Bc5 46. cxb5
axb5 47. Ne1 Bf2 48. Nc2 Ke6 49. Nb4 Kd6 50. Kc3 Be1+ 51. Kb3 Bxb4 0-1

[Event "34. Copenhagen Open (Politiken Cup)"]
[Site "Elsinore"]
[Date "2012.08.02"]
[Round "7"]
[White "Schmied, Andreas"]
[Black "Nilsen, Joachim Birger"]
[Result "0-1"]
[WhiteElo "2067"]
[BlackElo "2215"]
[PlyCount "128"]
[EventDate "2012.07.28"]
[EventType "swiss"]
[EventRounds "10"]
[EventCountry "DEN"]
[Source "ChessBase"]
[SourceDate "2012.08.24"]

1. d4 Nf6 2. c4 g6 3. Nc3 Bg7 4. e4 d6 5. h3 Nbd7 6. Be3 e5 7. d5 Nc5 8. Qc2 a5
9. Nf3 Qe7 10. Be2 h5 11. b3 Bh6 12. Bxh6 Rxh6 13. a3 Rh8 14. Nd2 Kf8 15. Qb2
Kg7 16. b4 Na6 17. c5 dxc5 18. Bxa6 cxb4 19. Bd3 bxc3 20. Qxc3 c6 21. dxc6 bxc6
22. O-O h4 23. Nf3 Ba6 24. Bxa6 Rxa6 25. Nxe5 Re8 26. Ng4 c5 27. Nxf6 Qxf6 28.
Qxc5 Rxe4 29. Rab1 Re5 30. Qc4 Rc6 31. Qa4 Rc3 32. Rb3 Re4 33. Qb5 a4 34. Rb4
Rxb4 35. Qxb4 Qc6 36. Rd1 Rc4 37. Qb2+ Qf6 38. Qb5 Rc2 39. Rf1 Qd4 40. Qb1 Rb2
41. Qa1 Qd2 42. Kh1 Kh7 43. Kg1 g5 44. Kh1 Kh6 45. Rb1 Rxb1+ 46. Qxb1 Qxf2 47.
Qc1 Qd4 48. Qc6+ Kg7 49. Qc1 Kg6 50. Qc6+ f6 51. Qc2+ Kf7 52. Qc7+ Ke6 53. Qc6+
Ke5 54. Qc7+ Ke4 55. Qc2+ Ke3 56. Qc1+ Ke2 57. Qc2+ Ke1 58. Qc1+ Qd1 59. Qe3+
Kf1 60. Qb6 Ke2+ 61. Kh2 Qb3 62. Qa6+ Kd1 63. Qd6+ Kc2 64. Kg1 Qe3+ 0-1

[Event "34. Copenhagen Open (Politiken Cup)"]
[Site "Elsinore"]
[Date "2012.08.02"]
[Round "7"]
[White "Schou Moldt, Thomas"]
[Black "Skovgaard, Ib"]
[Result "1-0"]
[WhiteElo "2222"]
[BlackElo "2006"]
[PlyCount "65"]
[EventDate "2012.07.28"]
[EventType "swiss"]
[EventRounds "10"]
[EventCountry "DEN"]
[Source "ChessBase"]
[SourceDate "2012.08.24"]

1. e4 Nf6 2. e5 Nd5 3. d4 d6 4. Nf3 g6 5. c4 Nb6 6. Nc3 Bg7 7. Be3 O-O 8. Be2
Nc6 9. exd6 cxd6 10. Qd2 d5 11. cxd5 Nxd5 12. Bh6 Nxc3 13. bxc3 e5 14. Bxg7
Kxg7 15. O-O Be6 16. Rfd1 exd4 17. cxd4 Bd5 18. Rac1 Re8 19. h3 Qa5 20. Qxa5
Nxa5 21. Rc5 Rxe2 22. Rxd5 Rxa2 23. Rd7 Re8 24. Rc1 Re6 25. Ng5 Rf6 26. Ne4 Rc6
27. Rxc6 Ra1+ 28. Kh2 bxc6 29. Ng5 Nb3 30. Nxf7 c5 31. Ng5+ Kf6 32. f4 Nxd4 33.
Rf7# 1-0

[Event "34. Copenhagen Open (Politiken Cup)"]
[Site "Elsinore"]
[Date "2012.08.02"]
[Round "7"]
[White "Sjol, Henrik"]
[Black "Andersen, Finn"]
[Result "0-1"]
[WhiteElo "1878"]
[BlackElo "2036"]
[PlyCount "80"]
[EventDate "2012.07.28"]
[EventType "swiss"]
[EventRounds "10"]
[EventCountry "DEN"]
[Source "ChessBase"]
[SourceDate "2012.08.24"]

1. d4 d6 2. Nf3 Nf6 3. c4 Nbd7 4. Nc3 e5 5. g3 Be7 6. Bg2 c6 7. e4 O-O 8. O-O
a6 9. a4 a5 10. h3 Re8 11. Re1 Qc7 12. Be3 Bf8 13. Qc2 Nb8 14. Rac1 Nfd7 15.
Nd2 Na6 16. Na2 g6 17. f4 Bg7 18. d5 cxd5 19. cxd5 Qxc2 20. Rxc2 Ndc5 21. Nc4
Bf8 22. Nc3 Nb4 23. Rce2 Nbd3 24. Rf1 exf4 25. gxf4 f5 26. Nb5 Rd8 27. e5 dxe5
28. fxe5 Ne4 29. Bxe4 fxe4 30. Bg5 Bxh3 31. Rb1 Bc5+ 32. Kh2 Bg4 33. Rxe4 Bf5
34. Re2 Rf8 35. Ra1 Bg4 36. Rd2 Nf2 37. Nc3 Rf3 38. d6 Rh3+ 39. Kg2 Bf3+ 40.
Kf1 Rh1# 0-1

[Event "34. Copenhagen Open (Politiken Cup)"]
[Site "Elsinore"]
[Date "2012.08.02"]
[Round "7"]
[White "Taksrud, Vidar"]
[Black "Matthiesen, Martin"]
[Result "1-0"]
[WhiteElo "2057"]
[BlackElo "2285"]
[PlyCount "107"]
[EventDate "2012.07.28"]
[EventType "swiss"]
[EventRounds "10"]
[EventCountry "DEN"]
[Source "ChessBase"]
[SourceDate "2012.08.24"]

1. Nc3 c5 2. Nf3 Nf6 3. d4 cxd4 4. Nxd4 d5 5. Bf4 a6 6. e3 Nbd7 7. Nb3 e5 8.
Bg3 Bb4 9. Be2 Ne4 10. O-O Nxc3 11. bxc3 Bxc3 12. Rb1 Nf6 13. Nc5 Qc7 14. Na4
Ba5 15. Bh4 Ne4 16. Qxd5 Nd2 17. Nb6 Bxb6 18. Qxd2 O-O 19. c4 Bf5 20. Rb3 Bc5
21. Bg3 b6 22. Bf3 Rad8 23. Qb2 f6 24. Bd5+ Kh8 25. e4 Bg6 26. Kh1 Rfe8 27. a4
a5 28. Qe2 Re7 29. f4 exf4 30. Bxf4 Qd7 31. Rb5 Qe8 32. e5 Bd4 33. e6 Bf5 34.
Bc7 Rxc7 35. Rxf5 Rd6 36. Rf4 Be5 37. Rf1 Re7 38. Qf2 Qh5 39. g3 Re8 40. Kg2
Rb8 41. Rfb1 g6 42. e7 Re8 43. Rxb6 Kg7 44. Rb7 Qg4 45. h3 Qg5 46. Rd1 Bc3 47.
Rd3 Bb4 48. h4 Qe5 49. Re3 Qd4 50. Re4 Qxf2+ 51. Kxf2 f5 52. Re2 Kf6 53. Rc7
Bc3 54. Bc6 1-0

[Event "34. Copenhagen Open (Politiken Cup)"]
[Site "Elsinore"]
[Date "2012.08.02"]
[Round "7"]
[White "Tandrup, Michael"]
[Black "Lilja, Richard"]
[Result "0-1"]
[WhiteElo "1955"]
[BlackElo "2136"]
[PlyCount "70"]
[EventDate "2012.07.28"]
[EventType "swiss"]
[EventRounds "10"]
[EventCountry "DEN"]
[Source "ChessBase"]
[SourceDate "2012.08.24"]

1. c4 g6 2. g3 c5 3. Bg2 Nc6 4. Nc3 Bg7 5. e4 d6 6. Nge2 h5 7. h4 Bg4 8. f3 Bd7
9. d3 Rb8 10. a3 a6 11. Rb1 b5 12. cxb5 axb5 13. b4 cxb4 14. axb4 Qc8 15. Qb3
Be6 16. Nd5 Nf6 17. Bb2 Bxd5 18. exd5 Ne5 19. O-O Qb7 20. Bxe5 dxe5 21. Nc3 Rd8
22. Rbc1 Nxd5 23. Nxd5 Qxd5 24. Qxd5 Rxd5 25. Rc7 O-O 26. Rxe7 Rfd8 27. f4 R5d7
28. Rxd7 Rxd7 29. fxe5 Bxe5 30. Rf3 Rd4 31. Kf2 Rxb4 32. Bf1 Bd4+ 33. Kg2 f5
34. Rf4 Rb2+ 35. Kf3 Rf2# 0-1

[Event "34. Copenhagen Open (Politiken Cup)"]
[Site "Elsinore"]
[Date "2012.08.02"]
[Round "7"]
[White "Thogersen, Rasmus"]
[Black "Joensen, Tor Kristian"]
[Result "1-0"]
[WhiteElo "1885"]
[BlackElo "1683"]
[PlyCount "81"]
[EventDate "2012.07.28"]
[EventType "swiss"]
[EventRounds "10"]
[EventCountry "DEN"]
[Source "ChessBase"]
[SourceDate "2012.08.24"]

1. e4 e5 2. Nf3 Nc6 3. Bb5 Nd4 4. Nxd4 exd4 5. O-O h5 6. d3 Bc5 7. Nd2 c6 8.
Ba4 Nf6 9. e5 Ng4 10. h3 Nh6 11. Ne4 Be7 12. Qxh5 d5 13. exd6 Bxd6 14. Bb3 g6
15. Qg5 Nf5 16. Re1 Be7 17. Qf4 Kf8 18. Qe5 f6 19. Qf4 g5 20. Qf3 Nh4 21. Qe2
Bf5 22. c3 dxc3 23. bxc3 Qd7 24. g3 Ng6 25. g4 Bxe4 26. Qxe4 Kg7 27. Be6 Qd6
28. Bf5 Rxh3 29. Bxg6 Qh2+ 30. Kf1 Qh1+ 31. Ke2 Qxe4+ 32. Bxe4 Rh4 33. Bf5 Rah8
34. Be3 Bd6 35. Bxa7 Bf4 36. Be3 Bxe3 37. Kxe3 Rh3+ 38. Kd4 b6 39. Re7+ Kh6 40.
Rae1 Ra8 41. Rh7# 1-0

[Event "34. Copenhagen Open (Politiken Cup)"]
[Site "Elsinore"]
[Date "2012.08.02"]
[Round "7"]
[White "Tryggestad, Andreas Garberg"]
[Black "Hansen, Tommy"]
[Result "1/2-1/2"]
[WhiteElo "1721"]
[BlackElo "1856"]
[PlyCount "95"]
[EventDate "2012.07.28"]
[EventType "swiss"]
[EventRounds "10"]
[EventCountry "DEN"]
[Source "ChessBase"]
[SourceDate "2012.08.24"]

1. e4 Nf6 2. e5 Nd5 3. c4 Nb6 4. c5 Nd5 5. Nc3 e6 6. Nxd5 exd5 7. d4 d6 8. cxd6
cxd6 9. Nf3 Nc6 10. Bf4 dxe5 11. Nxe5 Qa5+ 12. Bd2 Bb4 13. Nxc6 Bxd2+ 14. Qxd2
Qxd2+ 15. Kxd2 bxc6 16. Bd3 Be6 17. Rac1 Kd7 18. Rc5 Rhc8 19. Rf1 Rab8 20. b3
Kd6 21. Rfc1 Bd7 22. Ra5 Rc7 23. Rac5 Re8 24. a3 Ra8 25. Ba6 Bc8 26. Ra5 Bxa6
27. Rxa6 Rb8 28. b4 Rb6 29. Ra5 Rb5 30. Rc5 Rcb7 31. Ra6 R5b6 32. Rca5 Rxa6 33.
Rxa6 g5 34. Kc3 h5 35. a4 Kd7 36. b5 cxb5 37. axb5 Rxb5 38. Rxa7+ Ke6 39. Ra6+
Kf5 40. Rd6 Ke4 41. Rf6 Rb7 42. f3+ Ke3 43. Rf5 Rc7+ 44. Kb2 Kxd4 45. Rxg5 Re7
46. Kc2 Re2+ 47. Kd1 Re5 48. Rg7 1/2-1/2

[Event "34. Copenhagen Open (Politiken Cup)"]
[Site "Elsinore"]
[Date "2012.08.02"]
[Round "7"]
[White "Ulrich, Thomas2"]
[Black "Veng, Johny"]
[Result "1/2-1/2"]
[WhiteElo "1975"]
[BlackElo "2274"]
[PlyCount "60"]
[EventDate "2012.07.28"]
[EventType "swiss"]
[EventRounds "10"]
[EventCountry "DEN"]
[Source "ChessBase"]
[SourceDate "2012.08.24"]

1. e4 c5 2. Nf3 d6 3. d4 cxd4 4. Nxd4 Nf6 5. Nc3 a6 6. Bg5 e6 7. f4 Be7 8. Qf3
Qc7 9. O-O-O Nbd7 10. g4 h6 11. Bxf6 Bxf6 12. h4 Qb6 13. Nce2 Nc5 14. g5 Be7
15. Nc3 Bd7 16. Bg2 O-O-O 17. Kb1 Kb8 18. Qg3 Rc8 19. Rd2 hxg5 20. hxg5 Rxh1+
21. Bxh1 Rh8 22. Bg2 Na4 23. Nxa4 Bxa4 24. Qa3 Bc6 25. Nxc6+ Qxc6 26. Qf3 Qc5
27. Rd1 Bd8 28. a3 Bb6 29. Qd3 Bc7 30. f5 Qe5 1/2-1/2

[Event "34. Copenhagen Open (Politiken Cup)"]
[Site "Elsinore"]
[Date "2012.08.02"]
[Round "7"]
[White "Vanheirzeele, Daniel"]
[Black "Teplyi, Igor"]
[Result "0-1"]
[WhiteElo "2145"]
[BlackElo "2388"]
[PlyCount "132"]
[EventDate "2012.07.28"]
[EventType "swiss"]
[EventRounds "10"]
[EventCountry "DEN"]
[Source "ChessBase"]
[SourceDate "2012.08.24"]

1. d4 Nf6 2. c4 g6 3. Nc3 d5 4. Nf3 Bg7 5. Qb3 dxc4 6. Qxc4 O-O 7. e4 Bg4 8.
Be3 Nfd7 9. Qb3 Nb6 10. Rd1 e6 11. Be2 Nc6 12. Ng1 Bxe2 13. Ngxe2 Qh4 14. O-O
Rfd8 15. g3 Qe7 16. e5 Na5 17. Qc2 f5 18. exf6 Qxf6 19. b3 Nc6 20. Rd2 Qf5 21.
Qxf5 exf5 22. Rfd1 Rd7 23. d5 Ne5 24. Kg2 Rad8 25. Nf4 Nf7 26. Bd4 Bh6 27. Be3
Bxf4 28. Bxf4 g5 29. Be3 Nc8 30. Nb5 Nb6 31. d6 c6 32. Nxa7 Nd5 33. Rxd5 cxd5
34. Rxd5 Rxd6 35. Rxf5 Rd5 36. Rxd5 Rxd5 37. Nc8 Rd1 38. Bc5 g4 39. Ne7+ Kg7
40. Nf5+ Kg6 41. Ne3 Rd2 42. Nxg4 Rxa2 43. Ne3 Ne5 44. Nd5 Nd3 45. Nf4+ Nxf4+
46. gxf4 Kf5 47. b4 b5 48. Kg3 Ra3+ 49. f3 Rb3 50. Bd6 Rd3 51. Bc5 Rd2 52. Be3
Re2 53. Bd4 Re6 54. Be5 Rc6 55. Bd4 Rc4 56. Bc5 Rxf4 57. Bf8 Rc4 58. h4 h5 59.
Be7 Ke6 60. Bf8 Rc8 61. Bh6 Kf5 62. Bd2 Rc2 63. Be3 Rc4 64. Bd2 Rd4 65. Be1 Ke6
66. Bc3 Rc4 0-1

[Event "34. Copenhagen Open (Politiken Cup)"]
[Site "Elsinore"]
[Date "2012.08.02"]
[Round "7"]
[White "Vesterli, Michael E"]
[Black "Hobber, Anders"]
[Result "1/2-1/2"]
[WhiteElo "2029"]
[BlackElo "2244"]
[PlyCount "129"]
[EventDate "2012.07.28"]
[EventType "swiss"]
[EventRounds "10"]
[EventCountry "DEN"]
[Source "ChessBase"]
[SourceDate "2012.08.24"]

1. d4 e6 2. c4 Bb4+ 3. Bd2 a5 4. Nc3 Nf6 5. Nf3 d6 6. Qc2 Qe7 7. a3 Bxc3 8.
Bxc3 Nc6 9. e3 e5 10. Be2 Bg4 11. d5 Nb8 12. b4 c6 13. dxc6 Nxc6 14. O-O O-O
15. Rfd1 Rfd8 16. b5 Bxf3 17. Bxf3 Nb8 18. Qd2 e4 19. Bxf6 gxf6 20. Bg4 Nd7 21.
Qxd6 Qxd6 22. Rxd6 Ne5 23. Rxd8+ Rxd8 24. Bf5 Nxc4 25. Bxe4 Nxa3 26. g3 Nxb5
27. Bxb7 Rd2 28. Rxa5 Nc3 29. Rc5 Nd1 30. Rd5 Rxd5 31. Bxd5 Nc3 32. Bc6 Na2 33.
Kg2 Nb4 34. Be4 Na6 35. Kf3 Kg7 36. h4 Nc5 37. Bf5 Nb7 38. Kf4 Nd6 39. g4 h6
40. Bd7 Kf8 41. e4 Ke7 42. Bf5 Nc4 43. Bc8 Ne5 44. Bb7 Nc4 45. Bd5 Ne5 46. Kg3
Nd7 47. f4 Nf8 48. Bb7 Ne6 49. Bc8 Nd4 50. Bf5 Nb5 51. g5 fxg5 52. fxg5 hxg5
53. hxg5 Nd6 54. Kg4 Nc4 55. Bh7 Ne5+ 56. Kf5 Nd7 57. e5 Nf8 58. Bg8 Ne6 59.
Kg4 Nf8 60. Kh5 Ng6 61. Kh6 Nxe5 62. Kg7 Nf3 63. Bxf7 Nxg5 64. Kg6 Kd8 65. Kxg5
1/2-1/2

[Event "34. Copenhagen Open (Politiken Cup)"]
[Site "Elsinore"]
[Date "2012.08.02"]
[Round "7"]
[White "Wuertz, Jacob"]
[Black "Klings, Peter"]
[Result "0-1"]
[WhiteElo "1999"]
[BlackElo "2178"]
[PlyCount "72"]
[EventDate "2012.07.28"]
[EventType "swiss"]
[EventRounds "10"]
[EventCountry "DEN"]
[Source "ChessBase"]
[SourceDate "2012.08.24"]

1. Nf3 Nf6 2. g3 g6 3. Bg2 Bg7 4. O-O O-O 5. c4 d6 6. Nc3 Nc6 7. a3 e5 8. d3
Nd4 9. Nxd4 exd4 10. Ne4 Ng4 11. b4 Rb8 12. a4 f5 13. Ng5 Qe7 14. Ra2 Kh8 15.
h4 c6 16. a5 Bd7 17. Qb3 h6 18. Nf3 Bf6 19. Rc2 g5 20. hxg5 hxg5 21. c5 Be6 22.
cxd6 Qxd6 23. Qa4 Rg8 24. b5 c5 25. b6 axb6 26. axb6 Qxb6 27. Rb2 Qc7 28. Qa7
f4 29. Qb6 Qe7 30. gxf4 Bd5 31. Ne5 Bxe5 32. Bxd5 gxf4 33. Bxg8 Qh4 34. Kg2
Rxg8 35. Qe6 f3+ 36. Kxf3 Nh2# 0-1

[Event "34. Copenhagen Open (Politiken Cup)"]
[Site "Elsinore"]
[Date "2012.08.03"]
[Round "8"]
[White "Aartun, Eivind"]
[Black "Bennion, David"]
[Result "1-0"]
[WhiteElo "1777"]
[BlackElo "2007"]
[PlyCount "65"]
[EventDate "2012.07.28"]
[EventType "swiss"]
[EventRounds "10"]
[EventCountry "DEN"]
[Source "ChessBase"]
[SourceDate "2012.08.24"]

1. e4 e5 2. Nf3 Nc6 3. Bb5 a6 4. Ba4 Nf6 5. O-O b5 6. Bb3 Nxe4 7. Re1 d5 8. Nc3
Nxc3 9. dxc3 Be6 10. a4 b4 11. a5 f6 12. Ba4 Qd6 13. cxb4 Kf7 14. Bxc6 Qxc6 15.
Rxe5 Re8 16. c3 Bd6 17. Nd4 Qd7 18. Rxe6 Rxe6 19. Nxe6 Qxe6 20. Be3 h5 21. Qd3
h4 22. Rd1 c6 23. Bc5 Bc7 24. Qxa6 Re8 25. Be3 Qd6 26. Kf1 Rxe3 27. fxe3 Qxh2
28. Qe2 Bg3 29. Qf3 g5 30. Ke2 Kg6 31. a6 h3 32. Rf1 Bf4 33. Qxh3 1-0

[Event "34. Copenhagen Open (Politiken Cup)"]
[Site "Elsinore"]
[Date "2012.08.03"]
[Round "8"]
[White "Alfven, Jorgen"]
[Black "Christensen, Esben"]
[Result "0-1"]
[WhiteElo "1848"]
[BlackElo "2023"]
[PlyCount "110"]
[EventDate "2012.07.28"]
[EventType "swiss"]
[EventRounds "10"]
[EventCountry "DEN"]
[Source "ChessBase"]
[SourceDate "2012.08.24"]

1. d4 Nf6 2. c4 c5 3. d5 b5 4. Nf3 g6 5. cxb5 a6 6. b6 d6 7. Nc3 Nbd7 8. e4 Bg7
9. a4 a5 10. Nd2 O-O 11. Be2 Nxb6 12. O-O Ba6 13. Nb5 Ne8 14. Nc4 Nxc4 15. Bxc4
Nc7 16. Qd3 Nxb5 17. axb5 Bb7 18. Ra2 Qd7 19. Bd2 e6 20. dxe6 fxe6 21. Bc3 d5
22. Bxg7 Kxg7 23. exd5 exd5 24. Qc3+ Rf6 25. Be2 Qe6 26. b3 Rc8 27. Qg3 Qe4 28.
Bg4 Rcf8 29. Re2 Qf4 30. Re7+ R8f7 31. Qxf4 Rxf4 32. Rxf7+ Kxf7 33. Bd7 Ke7 34.
g3 Rb4 35. Bh3 Rxb3 36. Re1+ Kd8 37. Rd1 Kc7 38. Bg2 Kd6 39. Bf1 a4 40. f4 Rb4
41. Ra1 c4 42. Be2 Kc5 43. g4 d4 44. Rc1 Kxb5 45. f5 gxf5 46. gxf5 d3 47. f6
Bd5 48. Bh5 Kc5 49. Be8 a3 50. f7 Bxf7 51. Bxf7 a2 52. Kf2 d2 53. Ra1 Rb1 54.
Rxa2 d1=Q 55. Ra5+ Kb6 0-1

[Event "34. Copenhagen Open (Politiken Cup)"]
[Site "Elsinore"]
[Date "2012.08.03"]
[Round "8"]
[White "Andersen, Daniel"]
[Black "Dyrhaug, Sverre S"]
[Result "1-0"]
[WhiteElo "1870"]
[BlackElo "1551"]
[PlyCount "39"]
[EventDate "2012.07.28"]
[EventType "swiss"]
[EventRounds "10"]
[EventCountry "DEN"]
[Source "ChessBase"]
[SourceDate "2012.08.24"]

1. c4 e6 2. g3 Nf6 3. Bg2 Be7 4. e4 d5 5. cxd5 exd5 6. e5 Ng8 7. Qb3 c6 8. Nf3
Qc7 9. O-O Be6 10. d4 f6 11. exf6 Nxf6 12. Bf4 Qb6 13. Qe3 Ne4 14. Nbd2 Bf5 15.
Nxe4 Bxe4 16. Ng5 Bf5 17. Rfe1 Qd8 18. Qe5 Kf8 19. Qxf5+ Bf6 20. Ne6+ 1-0